00992nam a2200193 a 450000100100000000500170001000800410002704000250006808200150009310000210010824501060012926000330023530000420026850400320031050503380034270000220068070000240070271000720072600004437520201002045329.0140626s2004 dr ac 000 0 spa d aDO-SdBNPbspacBNPHU axxxxbxxxx1 aMorales, Violeta10aGuía didactica I :beducación ambiental /cVioleta Morales, José Contreras, Josefina Espaillat. aSanto Domingo :bSEE,c2004. axii, [85] p. :bil., retrs. ;c27 cm. aBibliografía : p. 84 [85]0 gNivel básico. Primer ciclo --tResiduos sólidos, su impacto ambiental --tResiduos sólidos urbano y rurales --tGeneración de desechos sólidos --tComposición de residuos sólidos --tCaracterísticas de basura --tProblemas de salud asociados a los desechos sólidos --tProblemas ambientales asociados a la basura --12aContreras, José12aEspaillat, Josefina22aSecretaría de Estado de Educación SEE, (República Dominicana)